Statistiques concernant Pays où Starbucks est implantés

Cliquez ici pour prendre le quiz!

Statistiques générales

  • Ce quiz a été pris 80 fois
  • Le résultat moyen est 47 sur 77

Statistiques - réponses

NuméroPays% Correct
25France
100%
22Espagne
97%
2États-Unis
97%
30Royaume-Uni
94%
1Canada
93%
53Chine
93%
33Italie
93%
51Japon
90%
21Portugal
90%
16Brésil
88%
3Mexique
87%
29Allemagne
86%
76Australie
83%
32Suisse
83%
38Finlande
81%
37Suède
80%
19Argentine
78%
74Maroc
78%
35Danemark
77%
62Inde
77%
31Irlande
77%
39Pologne
77%
27Belgique
74%
47Grèce
74%
36Norvège
74%
28Pays-Bas
74%
52Corée du Sud
72%
41Autriche
71%
14Colombie
71%
18Chili
70%
26Luxembourg
70%
77Nouvelle-Zélande
70%
61Thaïlande
70%
75Afrique du Sud
68%
69Arabie Saoudite
65%
56Indonésie
65%
49Turquie
65%
24Monaco
64%
73Tunisie
64%
65Émirats arabes unis
62%
40République Tchèque
62%
45Roumanie
62%
42Slovaquie
62%
72Égypte
61%
15Pérou
59%
66Qatar
59%
20Uruguay
59%
12Panama
58%
43Hongrie
57%
17Bolivie
51%
11Costa Rica
51%
23Andorre
49%
34Malte
48%
59Vietnam
48%
46Bulgarie
46%
55Malaisie
45%
44Serbie
45%
57Singapour
45%
9Guatemala
42%
48Chypre
39%
5Jamaïque
39%
68Koweït
36%
54Taïwan
36%
71Liban
35%
60Cambodge
33%
70Jordanie
32%
64Oman
32%
8République dominicaine
29%
10Salvador
29%
4Bahamas
28%
67Bahreïn
28%
50Azerbaïdjan
26%
63Kazakhstan
26%
13Guyana
22%
6Barbade
17%
58Brunei
17%
7Trinité-et-Tobago
13%

Distribution des résultats

Percentile par nombre de réponses

% des personnes avec chaque résultat

Votre développement - résultats

Vous n’avez pas pris ce quiz